[Event "Oberliga NRW 2223"]
[Site "Germany"]
[Date "2023.04.16"]
[Round "7.6"]
[White "Bee, Marcus"]
[Black "Backwinkel, Paul"]
[Result "1/2-1/2"]
[WhiteElo "2197"]
[BlackElo "2284"]
[PlyCount "30"]
[EventDate "2022.09.11"]
[EventType "team-tourn"]
[EventRounds "9"]
[EventCountry "GER"]
[SourceTitle "EXT 2025"]
[Source "ChessBase"]
[SourceDate "2024.10.14"]
[SourceVersion "1"]
[SourceVersionDate "2024.10.14"]
[SourceQuality "1"]
[WhiteTeam "Essen Katernberg"]
[BlackTeam "Bochum SG"]
[WhiteTeamCountry "GER"]
[BlackTeamCountry "GER"]

1. Nf3 d5 2. c4 c6 3. g3 Nf6 4. Bg2 Bf5 5. cxd5 cxd5 6. Qb3 Qc8 7. Nc3 e6 8. 0-0 Nc6 9. d3 Be7 10. Bf4 0-0 11. Rac1 Nd7 12. Nb5 Nc5 13. Qd1 Qd7 14. Nbd4 Nxd4 15. Nxd4 Bg6 1/2-1/2

[Event "BL2-West 2122"]
[Site "Germany"]
[Date "2022.07.03"]
[Round "10.5"]
[White "Backwinkel, Paul"]
[Black "Schulz, Klaus Juergen"]
[Result "1/2-1/2"]
[WhiteElo "2294"]
[BlackElo "2325"]
[PlyCount "20"]
[EventDate "2022.03.05"]
[EventType "team-tourn"]
[EventRounds "10"]
[EventCountry "GER"]
[SourceTitle "EXT 2023"]
[Source "ChessBase"]
[SourceDate "2022.10.05"]
[SourceVersion "1"]
[SourceVersionDate "2022.10.05"]
[SourceQuality "1"]
[WhiteTeam "Bochum"]
[BlackTeam "Heimbach Weis/Neuwied"]
[WhiteTeamCountry "GER"]
[BlackTeamCountry "GER"]

1. Nf3 d5 2. e3 Nf6 3. c4 e6 4. b3 Be7 5. Bb2 0-0 6. Be2 c5 7. cxd5 exd5 8. d4 Nc6 9. dxc5 Bxc5 10. 0-0 Bg4 1/2-1/2

[Event "BL2-West 1617"]
[Site "Germany"]
[Date "2017.04.23"]
[Round "8.5"]
[White "Scholz, Christian"]
[Black "Backwinkel, Paul"]
[Result "1/2-1/2"]
[WhiteElo "2378"]
[BlackElo "2317"]
[PlyCount "71"]
[EventDate "2016.10.16"]
[EventType "team-tourn"]
[EventRounds "9"]
[EventCountry "GER"]
[SourceTitle "EXT 2018"]
[Source "ChessBase"]
[SourceDate "2017.10.13"]
[SourceVersion "1"]
[SourceVersionDate "2017.10.13"]
[SourceQuality "1"]
[WhiteTeam "Katernberg"]
[BlackTeam "Bochum"]
[WhiteTeamCountry "GER"]
[BlackTeamCountry "GER"]

1. d4 c5 2. d5 d6 3. c4 e5 4. Nc3 Be7 5. Nf3 Na6 6. h3 f5 7. e4 f4 8. g3 fxg3 9. fxg3 Nf6 10. Be3 0-0 11. Qe2 Nc7 12. a4 Qe8 13. g4 Rb8 14. Bg2 a6 15. 0-0 b5 16. axb5 axb5 17. Ra7 Bd8 18. Nh4 bxc4 19. Nf5 Bxf5 20. exf5 Nb5 21. Nxb5 Rxb5 22. Ra8 Nd7 23. g5 Nb6 24. Ra7 Nc8 25. Ra6 Rb8 26. Be4 Qb5 27. Rc6 Qb3 28. f6 g6 29. Re1 Ba5 30. Ra1 c3 31. Rxa5 Qb4 32. bxc3 Qxe4 33. Ra1 Qxd5 34. Rc7 Rf7 35. Rxf7 Qxf7 36. Qg4 1/2-1/2

[Event "BL2-West 1516"]
[Site "Germany"]
[Date "2016.04.10"]
[Round "9.7"]
[White "Backwinkel, Paul"]
[Black "Van Osch, Mees"]
[Result "1/2-1/2"]
[WhiteElo "2317"]
[BlackElo "2263"]
[PlyCount "29"]
[EventDate "2015.09.20"]
[EventType "team-tourn"]
[EventRounds "9"]
[EventCountry "GER"]
[SourceTitle "EXT 2017"]
[Source "ChessBase"]
[SourceDate "2016.10.25"]
[SourceVersion "1"]
[SourceVersionDate "2016.10.25"]
[SourceQuality "1"]
[WhiteTeam "Bochum"]
[BlackTeam "Muelheim II"]
[WhiteTeamCountry "GER"]
[BlackTeamCountry "GER"]

1. d4 e6 2. Nf3 c5 3. c3 Nf6 4. Bf4 b6 5. e3 Bb7 6. Nbd2 Be7 7. h3 0-0 8. Bd3 Nc6 9. 0-0 d6 10. Qe2 Qc7 11. Bh2 Rfe8 12. a3 Bf8 13. e4 e5 14. dxe5 dxe5 15. Ba6 1/2-1/2

[Event "BL2-West 1415"]
[Site "Germany"]
[Date "2015.04.12"]
[Round "9.8"]
[White "Backwinkel, Paul"]
[Black "Buscher, Michael"]
[Result "0-1"]
[WhiteElo "2342"]
[BlackElo "2340"]
[PlyCount "94"]
[EventDate "2014.09.21"]
[EventType "team-tourn"]
[EventRounds "9"]
[EventCountry "GER"]
[SourceTitle "CBM 166 Extra"]
[Source "ChessBase"]
[SourceDate "2015.06.18"]
[SourceVersion "1"]
[SourceVersionDate "2015.06.18"]
[SourceQuality "1"]
[WhiteTeam "Bochum SG"]
[BlackTeam "Aachen Aufwaerts"]
[WhiteTeamCountry "GER"]
[BlackTeamCountry "GER"]

1. d4 Nf6 2. Nf3 g6 3. g3 Bg7 4. Bg2 d6 5. 0-0 0-0 6. Nbd2 Nc6 7. e4 e5 8. dxe5 dxe5 9. c3 b6 10. Re1 Bb7 11. Qc2 Re8 12. Bf1 Qe7 13. a4 h6 14. b3 Red8 15. Ba3 Qe8 16. Nc4 a5 17. Nfd2 Bf8 18. f3 Bxa3 19. Nxa3 Qe7 20. Ndc4 Kg7 21. Qf2 Nb8 22. Ne3 Na6 23. Nac4 Nc5 24. Qc2 h5 25. Red1 h4 26. g4 Ne6 27. Rxd8 Rxd8 28. Rd1 Rxd1 29. Qxd1 Nf4 30. Kf2 Nh7 31. Ke1 Ng5 32. Be2 h3 33. Kd2 Qf6 34. Qf1 c6 35. Bd1 b5 36. Nb2 Qd6+ 37. Kc2 Ba6 38. Qf2 bxa4 39. bxa4 Qa3 40. Qd2 Qa2 41. c4 Qa3 42. Qc3 Qc5 43. Nd3 Nxd3 44. Kxd3 Ne6 45. Ke2 Qd4 46. Qxa5 Nf4+ 47. Kf2 Ng2 0-1

[Event "BL2-West 1314"]
[Site "Germany"]
[Date "2013.11.24"]
[Round "3.7"]
[White "Schlick, Volker"]
[Black "Backwinkel, Paul"]
[Result "1-0"]
[WhiteElo "2356"]
[BlackElo "2340"]
[PlyCount "119"]
[EventDate "2013.10.13"]
[EventType "team-tourn"]
[EventRounds "9"]
[EventCountry "GER"]
[SourceTitle "EXT 2015"]
[Source "ChessBase"]
[SourceDate "2014.11.20"]
[SourceVersion "1"]
[SourceVersionDate "2014.11.20"]
[SourceQuality "1"]
[WhiteTeam "Koblenz"]
[BlackTeam "Bochum 31"]
[WhiteTeamCountry "GER"]
[BlackTeamCountry "GER"]

1. e4 e6 2. d4 d5 3. Nc3 Be7 4. exd5 exd5 5. Bd3 Nf6 6. Nge2 Nc6 7. 0-0 Nb4 8. Ng3 Nxd3 9. Qxd3 0-0 10. Bf4 c6 11. Rfe1 Re8 12. h3 h6 13. Be5 Bd7 14. Re3 g6 15. f4 Nh7 16. f5 g5 17. Nh5 f6 18. Rf1 Rf8 19. Bc7 Qxc7 20. Rxe7 Rf7 21. Rfe1 Rxe7 22. Rxe7 Qd6 23. Qe2 Bxf5 24. g4 Bd7 25. Rg7+ Kh8 26. Qd3 Nf8 27. Rf7 f5 28. Rf6 Qe7 29. Rxh6+ Kg8 30. gxf5 Re8 31. Kg2 Qe1 32. Nf6+ Kg7 33. Nxe8+ Kxh6 34. Nf6 Kg7 35. Nxd7 Nxd7 36. Qe2 Qxe2+ 37. Nxe2 Nf6 38. Kf3 Kh6 39. Ng3 g4+ 40. hxg4 Kg5 41. Nh5 Nxg4 42. Ng7 b6 43. b4 Nf6 44. Ne6+ Kxf5 45. Nd8 Ne4 46. Nxc6 Nc3 47. Ke3 a5 48. bxa5 bxa5 49. Kd2 Nxa2 50. c3 a4 51. Kc2 a3 52. Nb4 Nxc3 53. Kxc3 Ke4 54. Nc6 a2 55. Kb2 Kd3 56. Kxa2 Kc4 57. Ka3 Kb5 58. Ne7 Kc4 59. Nf5 Kd3 60. Kb4 1-0

[Event "BL2-West 1112"]
[Site "Germany"]
[Date "2012.02.05"]
[Round "6.6"]
[White "Backwinkel, Paul"]
[Black "Schneider, Bernd"]
[Result "1/2-1/2"]
[WhiteElo "2362"]
[BlackElo "2424"]
[PlyCount "29"]
[EventDate "2011.10.02"]
[EventType "team-tourn"]
[EventRounds "9"]
[EventCountry "GER"]
[SourceTitle "EXT 2015"]
[Source "ChessBase"]
[SourceDate "2014.11.20"]
[SourceVersion "1"]
[SourceVersionDate "2014.11.20"]
[SourceQuality "1"]
[WhiteTeam "Bochum SG"]
[BlackTeam "Bochum"]
[WhiteTeamCountry "GER"]
[BlackTeamCountry "GER"]

1. d4 g6 2. e4 Bg7 3. Nf3 d6 4. c3 Nf6 5. Bd3 0-0 6. 0-0 Nbd7 7. Re1 e5 8. Nbd2 Qe7 9. b3 Rd8 10. Bb2 b6 11. Qc2 Bb7 12. h3 h6 13. Rad1 Nh7 14. Bf1 Ng5 15. Nxg5 1/2-1/2

[Event "BL2-West 1011"]
[Site "Germany"]
[Date "2010.12.12"]
[Round "4.7"]
[White "Nyzhnyk, Illya"]
[Black "Backwinkel, Paul"]
[Result "0-1"]
[WhiteElo "2538"]
[BlackElo "2333"]
[PlyCount "100"]
[EventDate "2010.10.10"]
[EventType "team-tourn"]
[EventRounds "9"]
[EventCountry "GER"]
[SourceTitle "EXT 2012"]
[Source "ChessBase"]
[SourceDate "2011.11.24"]
[SourceVersion "1"]
[SourceVersionDate "2011.11.24"]
[SourceQuality "1"]
[WhiteTeam "Koeln Porz"]
[BlackTeam "Bochum 31"]
[WhiteTeamCountry "GER"]
[BlackTeamCountry "GER"]

1. d4 c5 2. d5 d6 3. Nc3 Nf6 4. Nf3 g6 5. e4 Bg7 6. Be2 0-0 7. 0-0 Na6 8. Nd2 Nc7 9. a4 Rb8 10. Nc4 a6 11. a5 Nb5 12. Nxb5 axb5 13. Nb6 b4 14. Qd3 Nd7 15. Nxc8 Rxc8 16. Qb5 Rb8 17. Ra2 Nf6 18. f3 Qd7 19. c3 bxc3 20. bxc3 Qxb5 21. Bxb5 Ra8 22. Bd2 Ra7 23. Rb1 Rfa8 24. c4 Nh5 25. Ra3 Bd4+ 26. Kf1 Nf6 27. Ke2 Kg7 28. g4 h6 29. h4 Rc8 30. g5 hxg5 31. hxg5 Nh7 32. f4 Rh8 33. Rh3 Nf8 34. Rxh8 Kxh8 35. Kf3 Kg7 36. Ba4 f6 37. gxf6+ Kxf6 38. Rb6 Kf7 39. Ke2 Bf6 40. Kd3 Bd4 41. Rb1 Bf6 42. Bd1 Ke8 43. Bg4 Kd8 44. Re1 Bd4 45. e5 g5 46. exd6 exd6 47. Bh5 Nd7 48. Re8+ Kc7 49. Bg4 Bf6 50. Rf8 Nxf8 0-1

[Event "BL2-West 0405"]
[Site "Germany"]
[Date "2005.01.16"]
[Round "5.7"]
[White "Hogenacker, Jacques"]
[Black "Backwinkel, Paul"]
[Result "1/2-1/2"]
[WhiteElo "2280"]
[BlackElo "2340"]
[PlyCount "56"]
[EventDate "2004.10.13"]
[EventType "team-tourn"]
[EventRounds "9"]
[EventCountry "GER"]
[SourceTitle "EXT 2006"]
[Source "ChessBase"]
[SourceDate "2005.11.24"]
[SourceVersion "1"]
[SourceVersionDate "2005.11.24"]
[SourceQuality "1"]
[WhiteTeam "Koeln SF"]
[BlackTeam "Bochum 31"]
[WhiteTeamCountry "GER"]
[BlackTeamCountry "GER"]

1. Nf3 d5 2. d3 Nf6 3. Nbd2 c5 4. e4 e6 5. g3 Nc6 6. Bg2 Be7 7. 0-0 b6 8. Re1 Bb7 9. c3 Qc7 10. a3 0-0 11. e5 Nd7 12. Qe2 Rae8 13. b4 f6 14. exf6 Bxf6 15. b5 Nd8 16. Bb2 Nf7 17. Rab1 Nd6 18. c4 d4 19. h4 h6 20. Nh2 Bxg2 21. Kxg2 Qb7+ 22. Kg1 e5 23. Ne4 Be7 24. Qg4 Nxe4 25. Rxe4 Bd6 26. Qg6 Nf6 27. Re2 Qf7 28. Qxf7+ Rxf7 1/2-1/2

[Event "BL2-West 0405"]
[Site "Germany"]
[Date "2004.10.24"]
[Round "1.8"]
[White "Backwinkel, Paul"]
[Black "Tazbir, Marcin"]
[Result "1-0"]
[WhiteElo "2340"]
[BlackElo "2340"]
[PlyCount "151"]
[EventDate "2004.10.13"]
[EventType "team-tourn"]
[EventRounds "9"]
[EventCountry "GER"]
[SourceTitle "EXT 2006"]
[Source "ChessBase"]
[SourceDate "2005.11.24"]
[SourceVersion "1"]
[SourceVersionDate "2005.11.24"]
[SourceQuality "1"]
[WhiteTeam "Bochum 31"]
[BlackTeam "Griesheim"]
[WhiteTeamCountry "GER"]
[BlackTeamCountry "GER"]

1. Nf3 d5 2. c4 dxc4 3. e3 Nf6 4. Bxc4 a6 5. 0-0 e6 6. Be2 Bd6 7. d3 0-0 8. Nbd2 b5 9. a4 Bb7 10. axb5 axb5 11. Rxa8 Bxa8 12. d4 b4 13. Nc4 Be7 14. Qa4 Bd5 15. Bd2 Qd7 16. Ra1 Qxa4 17. Rxa4 Nc6 18. Nfe5 Rb8 19. f3 Nxe5 20. Nxe5 c5 21. Ra7 Bf8 22. Nxf7 Rc8 23. Ba6 Re8 24. Ne5 Rd8 25. Nd3 cxd4 26. exd4 Bb3 27. Be3 Bd5 28. Nf4 Bb3 29. Nd3 Bd5 30. Kf2 Bd6 31. Bf4 Bb3 32. Bxd6 Rxd6 33. Nc5 Bd5 34. Bc8 Rc6 35. Bb7 Rc7 36. Ra8+ Kf7 37. Rb8 Kg6 38. Bxd5 Nxd5 39. Rb7 Rc6 40. Kg3 Ne3 41. Rxb4 Nf5+ 42. Kf4 Nxd4 43. Rxd4 Rxc5 44. Ke3 Rc1 45. Rd2 Kf5 46. Kd3 Ke5 47. Rc2 Rh1 48. h3 Kd6 49. Kc4 Rd1 50. Kb5 Rd5+ 51. Ka4 Rd1 52. b4 Ra1+ 53. Kb5 Ra8 54. Rc6+ Kd7 55. Ra6 Rb8+ 56. Rb6 Rg8 57. Rb7+ Kd6 58. Kb6 h5 59. b5 g5 60. Rh7 g4 61. Rxh5 gxf3 62. gxf3 Rf8 63. h4 Rxf3 64. Rh8 Rf5 65. h5 Kd5 66. Ka6 Rf1 67. h6 Ke4 68. Re8 Rh1 69. Rxe6+ Kd5 70. Rg6 Kc5 71. b6 Ra1+ 72. Kb7 Rf1 73. Rg5+ Kd6 74. Rh5 Rf7+ 75. Ka6 Rh7 76. b7 1-0

[Event "BL2-West 0203"]
[Site "Germany"]
[Date "2003.03.30"]
[Round "9.5"]
[White "Backwinkel, Paul"]
[Black "Boidman, Yuri"]
[Result "0-1"]
[WhiteElo "2365"]
[BlackElo "2400"]
[PlyCount "76"]
[EventDate "2002.10.20"]
[EventType "team-tourn"]
[EventRounds "9"]
[EventCountry "GER"]
[SourceTitle "EXT 2004"]
[Source "ChessBase"]
[SourceDate "2003.11.25"]
[SourceVersion "1"]
[SourceVersionDate "2003.11.25"]
[SourceQuality "1"]
[WhiteTeam "Bochum"]
[BlackTeam "Andernach"]
[WhiteTeamCountry "GER"]
[BlackTeamCountry "GER"]

1. Nf3 d5 2. g3 Nf6 3. Bg2 Bf5 4. d3 e6 5. Nbd2 h6 6. 0-0 Be7 7. Qe1 0-0 8. e4 Bh7 9. Qe2 c5 10. Ne5 Nbd7 11. Nxd7 Qxd7 12. Re1 Rac8 13. e5 Ne8 14. Nf3 c4 15. d4 b5 16. h4 Nc7 17. Be3 b4 18. Rec1 Nb5 19. g4 a5 20. g5 hxg5 21. Nxg5 Bxg5 22. hxg5 a4 23. c3 Qe7 24. a3 bxc3 25. bxc3 Ra8 26. Ra2 Nxa3 27. Bd2 Rfb8 28. Qh5 Rb1 29. Rxb1 Nxb1 30. Qd1 a3 31. Bf3 Qb7 32. Qc1 Nxd2 33. Qxd2 Bb1 34. Ra1 a2 35. Kg2 g6 36. Bd1 Kg7 37. Kf3 Be4+ 38. Ke3 Qb1 0-1

[Event "BL2-West 0203"]
[Site "Germany"]
[Date "2003.02.09"]
[Round "6.5"]
[White "Backwinkel, Paul"]
[Black "Grooten, Herman"]
[Result "1/2-1/2"]
[WhiteElo "2365"]
[BlackElo "2379"]
[PlyCount "221"]
[EventDate "2002.10.20"]
[EventType "team-tourn"]
[EventRounds "9"]
[EventCountry "GER"]
[SourceTitle "EXT 2004"]
[Source "ChessBase"]
[SourceDate "2003.11.25"]
[SourceVersion "1"]
[SourceVersionDate "2003.11.25"]
[SourceQuality "1"]
[WhiteTeam "Bochum"]
[BlackTeam "Koeln Porz II"]
[WhiteTeamCountry "GER"]
[BlackTeamCountry "GER"]

1. Nf3 Nf6 2. d4 e6 3. Nbd2 c5 4. e3 b6 5. Bd3 Bb7 6. 0-0 g6 7. c3 cxd4 8. exd4 Bg7 9. Qe2 0-0 10. Ne4 Nxe4 11. Bxe4 Bxe4 12. Qxe4 d5 13. Qe2 Nc6 14. Bf4 Rc8 15. Rad1 Qd7 16. Rfe1 Rfe8 17. h4 h5 18. Ne5 Nxe5 19. Bxe5 Qd8 20. g3 Rc4 21. Rd3 b5 22. a3 a5 23. b3 Rc6 24. Rf3 Bxe5 25. dxe5 Qc7 26. Qd2 Rc8 27. Ree3 Qe7 28. b4 Qc7 29. Qe2 Rc4 30. Kh2 Qb7 31. Rd3 axb4 32. axb4 R8c6 33. Rfe3 Qc7 34. Qf3 Ra6 35. Rd4 Ra3 36. Rxc4 bxc4 37. Qf4 Kh7 38. Rf3 f5 39. Re3 Ra2 40. Kg2 Qa7 41. Qg5 Qb7 42. Rf3 d4 43. cxd4 c3 44. d5 c2 45. Rc3 Qxd5+ 46. Kh2 Qxe5 47. Qe7+ Qg7 48. Qxg7+ Kxg7 49. Kg2 Kf6 50. b5 Ke5 51. b6 Kd4 52. Rc8 Rb2 53. b7 Kd3 54. Rd8+ Ke4 55. Rc8 f4 56. gxf4 Kxf4 57. Rxc2 Rxb7 58. Rc4+ Kf5 59. f3 e5 60. Kg3 Rb8 61. Ra4 g5 62. hxg5 Kxg5 63. Re4 Kf5 64. Rh4 Rg8+ 65. Kf2 Rh8 66. Kg3 Rh6 67. Kf2 Rh7 68. Kg3 Kg5 69. Re4 Kf5 70. Rh4 Ke6 71. Kf2 Kf6 72. Kg3 Rg7+ 73. Kf2 Kg5 74. Re4 Kf5 75. Rh4 Rg5 76. Ra4 Rg7 77. Rh4 Rh7 78. Kg3 Ke6 79. Kf2 Rh6 80. Ke3 Kd5 81. Kf2 Rh8 82. Ke3 Rh7 83. Kf2 Ke6 84. Ke3 Kf5 85. Kf2 Kg5 86. Re4 Kf6 87. Rh4 Kf5 88. Kg3 Rg7+ 89. Kf2 Rg5 90. Ra4 Kg6 91. Ra6+ Kg7 92. Ra7+ Kh6 93. Ra4 Rf5 94. Kg3 Kg5 95. Re4 Kf6 96. Ra4 Rg5+ 97. Kf2 Rf5 98. Kg3 Kg6 99. Rc4 Rf6 100. Re4 Kf5 101. Rh4 Kg5 102. Re4 Rf5 103. Kg2 h4 104. Kf2 Kh5 105. Ra4 Rg5 106. Ra8 Kg6 107. Rg8+ Kf6 108. Rh8 Rf5 109. Rxh4 Rf4 110. Rh8 Ke7 111. Ke3 1/2-1/2

[Event "BL2-West 0304"]
[Site "Germany"]
[Date "2003.??.??"]
[Round "?.8"]
[White "Becker, Marcel"]
[Black "Backwinkel, Paul"]
[Result "1-0"]
[WhiteElo "2320"]
[BlackElo "2355"]
[PlyCount "83"]
[EventDate "2003.12.14"]
[EventType "team-tourn"]
[EventRounds "9"]
[EventCountry "GER"]
[SourceTitle "CBM 100 Extra"]
[Source "ChessBase"]
[SourceDate "2004.07.06"]
[SourceVersion "2"]
[SourceVersionDate "2004.07.06"]
[SourceQuality "1"]
[WhiteTeam "Muelheim"]
[BlackTeam "Bochum"]
[WhiteTeamCountry "GER"]
[BlackTeamCountry "GER"]

1. d4 d5 2. c4 e6 3. Nc3 f5 4. Nf3 Nf6 5. Bf4 c6 6. e3 Be7 7. h3 Ne4 8. Bd3 Nd7 9. Qc2 Qa5 10. Ke2 Nxc3+ 11. bxc3 dxc4 12. Bxc4 Nb6 13. Bc7 Kd7 14. Bxb6 axb6 15. Qb3 Kd6 16. Ne5 Re8 17. Bd3 Kc7 18. Nc4 Qa7 19. a4 Bd8 20. Rab1 Kb8 21. Nxb6 Bxb6 22. Qxb6 Qxb6 23. Rxb6 Kc7 24. Rb4 e5 25. Rhb1 Ra7 26. Kd2 g6 27. f4 e4 28. Bc2 g5 29. fxg5 Rg8 30. h4 h6 31. Bb3 Rg7 32. Rh1 hxg5 33. h5 Kd6 34. h6 Rh7 35. Bg8 Rh8 36. h7 Ke7 37. Rh6 g4 38. Rg6 Ra5 39. Rg7+ Kd8 40. d5 cxd5 41. Bf7 Ke7 42. Bg6+ 1-0

[Event "BL2-West 0102"]
[Site "Germany"]
[Date "2002.04.28"]
[Round "9.2"]
[White "Backwinkel, Paul"]
[Black "Kishnev, Sergey"]
[Result "1/2-1/2"]
[WhiteElo "2373"]
[BlackElo "2498"]
[PlyCount "68"]
[EventDate "2001.10.07"]
[EventType "team-tourn"]
[EventRounds "9"]
[EventCountry "GER"]
[SourceTitle "CBM 088 Extra"]
[Source "ChessBase"]
[SourceDate "2002.07.01"]
[SourceVersion "2"]
[SourceVersionDate "2002.07.01"]
[SourceQuality "1"]
[WhiteTeam "Bochum"]
[BlackTeam "Gelsenkirchen"]
[WhiteTeamCountry "GER"]
[BlackTeamCountry "GER"]

1. d4 d5 2. c3 Nf6 3. Bg5 Nbd7 4. Nd2 h6 5. Bxf6 Nxf6 6. e3 Bf5 7. f4 c6 8. Be2 g5 9. Ngf3 Rg8 10. g3 Ng4 11. Nf1 Qb6 12. Qb3 e6 13. Qxb6 axb6 14. a3 gxf4 15. exf4 h5 16. Rd1 Be4 17. Rg1 Be7 18. h3 Nh6 19. Kf2 Bc2 20. Re1 Bf5 21. Rh1 Be4 22. N1d2 Nf5 23. Rhg1 Nd6 24. Ne5 h4 25. g4 Bh7 26. Ke3 Rg7 27. Bd3 Bxd3 28. Kxd3 b5 29. Rc1 0-0-0 30. Nef3 Kd7 31. Ne5+ Kc7 32. Nef3 Kd7 33. Ne5+ Kc7 34. Nef3 Kd7 1/2-1/2